Phân tích các nhân tố tác động đến hoạt động chế biến xuất khẩu thuỷ sản của các doanh nghiệp trên địa bàn tỉnh Kiên Giang : (Chuyên nganh Quản trị kinh doanh)
Nội dung đề tài nghiên cứu thực trạng hoạt động chế biến xuất khẩu thuỷ sản tỉnh Kiên Giang, phân tích các nhân tố tác động đến hoạt động chế biến xuất khẩu thuỷ sản tỉnh Kiên Giang.
Đã lưu trong:
| 主要作者: | |
|---|---|
| 格式: | 图书 |
| 语言: | Undetermined |
| 出版: |
Cần Thơ
Trường Đại Học Cần Thơ
2007
|
| 主题: | |
| 标签: |
添加标签
没有标签, 成为第一个标记此记录!
|
| Thư viện lưu trữ: | Trung tâm Học liệu Trường Đại học Cần Thơ |
|---|
| LEADER | 01218nam a2200229Ia 4500 | ||
|---|---|---|---|
| 001 | CTU_135572 | ||
| 008 | 210402s9999 xx 000 0 und d | ||
| 082 | |a 338.4 | ||
| 082 | |b Qu451 | ||
| 088 | |a 60340102 | ||
| 100 | |a Nguyễn, Thành Quốc | ||
| 245 | 0 | |a Phân tích các nhân tố tác động đến hoạt động chế biến xuất khẩu thuỷ sản của các doanh nghiệp trên địa bàn tỉnh Kiên Giang : | |
| 245 | 0 | |b (Chuyên nganh Quản trị kinh doanh) | |
| 245 | 0 | |c Nguyễn Thành Quốc ; Võ Thị Thanh Lộc giáo viên hướng dẫn | |
| 260 | |a Cần Thơ | ||
| 260 | |b Trường Đại Học Cần Thơ | ||
| 260 | |c 2007 | ||
| 520 | |a Nội dung đề tài nghiên cứu thực trạng hoạt động chế biến xuất khẩu thuỷ sản tỉnh Kiên Giang, phân tích các nhân tố tác động đến hoạt động chế biến xuất khẩu thuỷ sản tỉnh Kiên Giang. | ||
| 650 | |a Nông nghiệp,Agriculture | ||
| 650 | |x Khía cạnh kinh tế,Economic aspects | ||
| 904 | |i Tuyến | ||
| 980 | |a Trung tâm Học liệu Trường Đại học Cần Thơ | ||